| 000 | 00618nam a2200193 i 4500 | ||
|---|---|---|---|
| 001 | 82705 | ||
| 003 | ES-MaACL | ||
| 007 | t| | ||
| 008 | 041111s1942 sp ||||1| spa d | ||
| 245 | 0 | 0 |
_aIdeas políticas de la Edad Media / _cselección, traducción y prólogo de Juan Beneyto Pérez. |
| 250 | _a2ª ed. | ||
| 260 |
_aMadrid : _bEdiciones Fe, _c1942 ( _fUguina) |
||
| 300 |
_a150 p. ; _c17 cm. |
||
| 490 | 1 | _aBreviarios del pensamiento español | |
| 700 | 1 |
_aBeneyto Pérez, Juan. _927562 |
|
| 830 | 0 |
_aBreviarios del pensamiento español _9180739 |
|
| 852 |
_aES-MaACL _jG-3506 _bR.20638 |
||
| 999 |
_c82705 _d82705 |
||